000 00739nam a2200229Ia 4500
008 191130s1998##################000#0#eng##
020 _a9780306456527
022 _a97035298
040 _aACL
_cACL
082 _a330.160973 MIL
245 _aInheritance and wealth in America
_cedited by Robert K. Miller, Jr. and Stephen J. McNamee
260 _aNew York
_bPlenum Press
_cc1998
300 _axiii, 226 p. : ill. ; 24 cm
500 _aIncludes bibliographical references and index
650 _aInheritance and succession - United States
650 _aWealth - United States
700 _aMcNamee, Stephen J
700 _aMiller, Robert K
990 _ab9d7931fac10000c0ed6b0361bc12fdd
991 _a36302
999 _c215293
_d215293